| 000 | 00734nam a22002417a 4500 | ||
|---|---|---|---|
| 001 | 3541 | ||
| 003 | FISKH | ||
| 005 | 20240318101914.0 | ||
| 008 | 240318b cb ||||| |||| 00| 0 eng d | ||
| 040 |
_aFISK _beng _cFISK _dFISK |
||
| 050 | _aPZ7.H52 | ||
| 082 | _a813.54 | ||
| 100 |
_aHiaasen Carl _d1953- |
||
| 245 |
_aHoot / _cCarl Hiaasen |
||
| 260 |
_aNew York : _bRandom House, Inc., _c2002 |
||
| 300 |
_a575 pages : _c20 cm |
||
| 505 | _aM | ||
| 520 | _aRoy, who is new to his small Florida community, becomes involved in another boy's attempt to save a colony of burrowing owls from a proposed construction site. | ||
| 521 | 8 |
_a760 _bLexile |
|
| 700 | _aCarl Hiaasen | ||
| 942 |
_2ddc _cBK _n0 |
||
| 999 |
_c3541 _d3541 |
||